Score 0/64 Timer 03:00
0 Plays Today
% Correct
ENLISTS                                           
84.7%
E 
84.7%
N 
84.7%
L 
84.7%
I 
84.7%
S 
84.7%
T 
84.7%
S 
84.7%
WINDOWS         
81.4%
W 
81.4%
I 
81.4%
N 
81.4%
D 
81.4%
O 
81.4%
W 
81.4%
S 
81.4%
BELARUS          
77.4%
B 
77.4%
E 
77.4%
L 
77.4%
A 
77.4%
R 
77.4%
U 
77.4%
S 
77.4%
GREMLIN                                           
64.2%
G 
64.2%
R 
64.2%
E 
64.2%
M 
64.2%
L 
64.2%
I 
64.2%
N 
64.2%
% Correct
INFERNO                                           
54.2%
I 
54.2%
N 
54.2%
F 
54.2%
E 
54.2%
R 
54.2%
N 
54.2%
O 
54.2%
LONGBOW         
    
54.1%
L 
54.1%
O 
54.1%
N 
54.1%
G 
54.1%
B 
54.1%
O 
54.1%
W 
54.1%
NEEDFUL           


45.7%
N 
45.7%
E 
45.7%
E 
45.7%
D 
45.7%
F 
45.7%
U 
45.7%
L 
45.7%
LIGNITE            

21.2%
L 
21.2%
I 
21.2%
G 
21.2%
N 
21.2%
I 
21.2%
T 
21.2%
E 
21.2%
Remove Ads.
Support Sporcle.
Get the best of Sporcle when you Go Orange. This ad-free experience offers more features, more stats, and more fun while also helping to support Sporcle. Thank you for becoming a member.

You're not logged in!

Compare scores with friends on all Sporcle quizzes.
OR
Log In

Show Comments

Extras

Top Quizzes Today


Score Distribution

Your Account Isn't Verified!

In order to create a playlist on Sporcle, you need to verify the email address you used during registration. Go to your Sporcle Settings to finish the process.

Report this User

Report this user for behavior that violates our Community Guidelines.

Details: